Zusammenhang zwischen EPS und Aktienkennzahlen sowie Marktpreisen - eine empirische Untersuchung anhand von DAX Unternehmen diplomová práca

Gespeichert in:
Bibliographische Detailangaben
1. Verfasser: Hlavina, Ivan
Körperschaft: Fakulta hospodárskej informatiky EU. Katedra operačného výskumu a ekonometrie
Weitere Verfasser: Sicherer, Klaus von
Format: Buch
Sprache:Deutsch
Veröffentlicht: Bratislava 2021
Tags: Tag hinzufügen
Keine Tags, Fügen Sie das erste Tag hinzu!

MARC

LEADER 00000nbm a2200000 4500
001 0283193
005 20230322105511.3
041 0 |a ger 
044 |a SK 
245 1 0 |a Zusammenhang zwischen EPS und Aktienkennzahlen sowie Marktpreisen - eine empirische Untersuchung anhand von DAX Unternehmen  |b diplomová práca  |c Ivan Hlavina ; školiteľ: Klaus von Sicherer 
264 1 |a Bratislava  |c 2021 
300 |a 62 s. 
100 1 |a Hlavina, Ivan 
700 1 |a Sicherer, Klaus von 
710 2 |a Fakulta hospodárskej informatiky EU. Katedra operačného výskumu a ekonometrie